000 00847cam a2200253 4500
001 map68000889
003 DLC
005 20260227111556.0
008 682210s1968 iaub 00000 eng
010 _amap68000889
050 0 _aG1433.G9
_bB6 1968
110 0 0 _aBooth (R. C.) Enterprises, Harlan, Iowa.
245 1 4 _aThe ... atlas of Guthrie County, Iowa.
260 1 _aHarlan,
_c1968.
300 _a35 p. (chiefly maps)
_c46 cm.
500 _aOn label on cover: Guthrie County, Iowa.
500 _aAlternate pages blank.
500 _aScale of township maps ca. 1:32,000.
500 _aBlue line print.
500 _aCorrected to Feb. 8, 1968.
500 _aThe 1974 edition published under title: The 1974 atlas of Guthrie County, Iowa.
651 0 _aGuthrie Co., Iowa
_xMaps.
650 0 _aReal property
_zGuthrie Co., Iowa
_xMaps.
999 _c37817
_d37817